[Event "Blitz 2018"]
[Site "Saint-Petersburg"]
[Date "2018.12.30"]
[Round "21"]
[Board "16"]
[White "Zubov Alexander (UKR)"]
[Black "Oparin Grigoriy (RUS)"]
[Result "1-0"]
[LiveChessVersion "1.4.8"]
[BlackElo "2641"]
[WhiteElo "2729"]

1. d4 {[%clk 0:03:03]} Nf6 {[%clk 0:03:03]} 2. Nf3 {[%clk 0:03:02]} e6
{[%clk 0:03:04]} 3. c4 {[%clk 0:03:02]} b6 {[%clk 0:03:04]} 4. a3
{[%clk 0:03:03]} Bb7 {[%clk 0:03:05]} 5. Nc3 {[%clk 0:03:03]} d5 {[%clk 0:03:06]}
6. Bg5 {[%clk 0:03:04]} Be7 {[%clk 0:03:06]} 7. e3 {[%clk 0:03:04]} Nbd7
{[%clk 0:03:02]} 8. Rc1 {[%clk 0:03:04]} O-O {[%clk 0:02:59]} 9. cxd5
{[%clk 0:03:00]} exd5 {[%clk 0:02:43]} 10. Be2 {[%clk 0:02:57]} c5
{[%clk 0:02:42]} 11. O-O {[%clk 0:02:57]} Ne4 {[%clk 0:02:35]} 12. Bxe7
{[%clk 0:02:40]} Qxe7 {[%clk 0:02:35]} 13. dxc5 {[%clk 0:02:17]} Nxc3
{[%clk 0:02:34]} 14. Rxc3 {[%clk 0:02:18]} bxc5 {[%clk 0:02:34]} 15. Rc2
{[%clk 0:02:13]} Rfd8 {[%clk 0:02:22]} 16. Re1 {[%clk 0:02:05]} Rab8
{[%clk 0:01:59]} 17. Bf1 {[%clk 0:01:55]} g6 {[%clk 0:01:53]} 18. Qc1
{[%clk 0:01:47]} Rbc8 {[%clk 0:01:49]} 19. Qd2 {[%clk 0:01:30]} Qf6
{[%clk 0:01:17]} 20. Be2 {[%clk 0:01:20]} Qb6 {[%clk 0:01:07]} 21. b4
{[%clk 0:01:13]} cxb4 {[%clk 0:00:50]} 22. Rxc8 {[%clk 0:01:13]} Rxc8
{[%clk 0:00:50]} 23. axb4 {[%clk 0:01:15]} Nf8 {[%clk 0:00:44]} 24. Nd4
{[%clk 0:01:03]} Ne6 {[%clk 0:00:45]} 25. Nxe6 {[%clk 0:01:04]} Qxe6
{[%clk 0:00:44]} 26. Ra1 {[%clk 0:00:55]} Qb6 {[%clk 0:00:41]} 27. b5
{[%clk 0:00:53]} Rd8 {[%clk 0:00:36]} 28. Qd4 {[%clk 0:00:51]} Rc8
{[%clk 0:00:18]} 29. h4 {[%clk 0:00:46]} Rc2 {[%clk 0:00:16]} 30. Bf1
{[%clk 0:00:41]} Rc5 {[%clk 0:00:13]} 31. h5 {[%clk 0:00:41]} gxh5
{[%clk 0:00:13]} 32. Qf4 {[%clk 0:00:38]} Rc8 {[%clk 0:00:13]} 33. Qe5
{[%clk 0:00:31]} d4 {[%clk 0:00:09]} 34. exd4 {[%clk 0:00:29]} Rd8
{[%clk 0:00:10]} 35. Qg5+ {[%clk 0:00:28]} Kf8 {[%clk 0:00:10]} 36. Qxh5
{[%clk 0:00:28]} Qxd4 {[%clk 0:00:11]} 37. Ra3 {[%clk 0:00:27]} Qe4
{[%clk 0:00:07]} 38. Qh6+ {[%clk 0:00:26]} 1-0

[Event "Blitz 2018"]
[Site "Saint-Petersburg"]
[Date "2018.12.30"]
[Round "21"]
[Board "17"]
[White "Jones Gawain C B (ENG)"]
[Black "Golubov Saveliy (RUS)"]
[Result "1/2-1/2"]
[LiveChessVersion "1.4.8"]
[BlackElo "2574"]
[WhiteElo "2722"]

1. e4 {[%clk 0:03:02]} c5 {[%clk 0:03:04]} 2. Nf3 {[%clk 0:03:02]} e6
{[%clk 0:03:05]} 3. c3 {[%clk 0:03:02]} d5 {[%clk 0:03:06]} 4. exd5
{[%clk 0:03:03]} exd5 {[%clk 0:03:07]} 5. Bb5+ {[%clk 0:03:02]} Nc6
{[%clk 0:03:08]} 6. O-O {[%clk 0:03:01]} Nf6 {[%clk 0:02:59]} 7. d4
{[%clk 0:03:01]} Be7 {[%clk 0:02:55]} 8. dxc5 {[%clk 0:03:00]} Bxc5
{[%clk 0:02:54]} 9. Re1+ {[%clk 0:02:59]} Be6 {[%clk 0:02:55]} 10. Be3
{[%clk 0:02:54]} Bxe3 {[%clk 0:02:45]} 11. Rxe3 {[%clk 0:02:55]} O-O
{[%clk 0:02:46]} 12. h3 {[%clk 0:02:49]} Qb6 {[%clk 0:02:42]} 13. a4
{[%clk 0:02:41]} Rad8 {[%clk 0:02:32]} 14. Nd4 {[%clk 0:02:34]} Nxd4
{[%clk 0:02:27]} 15. Qxd4 {[%clk 0:02:34]} Qxd4 {[%clk 0:01:58]} 16. cxd4
{[%clk 0:02:35]} Ne4 {[%clk 0:01:32]} 17. Nc3 {[%clk 0:02:35]} Nxc3
{[%clk 0:01:29]} 18. Rxc3 {[%clk 0:02:35]} Rc8 {[%clk 0:01:30]} 19. Rac1
{[%clk 0:02:33]} Rxc3 {[%clk 0:01:31]} 20. Rxc3 {[%clk 0:02:34]} Rc8
{[%clk 0:01:32]} 21. Rxc8+ {[%clk 0:02:04]} Bxc8 {[%clk 0:01:34]} 22. Kf1
{[%clk 0:01:50]} Kf8 {[%clk 0:01:35]} 23. Ke2 {[%clk 0:01:51]} Ke7
{[%clk 0:01:37]} 24. Ke3 {[%clk 0:01:51]} Kd6 {[%clk 0:01:36]} 25. Be2
{[%clk 0:01:48]} Bd7 {[%clk 0:01:35]} 26. b3 {[%clk 0:01:45]} Bf5
{[%clk 0:01:20]} 27. a5 {[%clk 0:01:43]} Bd7 {[%clk 0:00:54]} 28. Kf4
{[%clk 0:01:42]} f6 {[%clk 0:00:36]} 29. h4 {[%clk 0:01:43]} b6 {[%clk 0:00:29]}
30. axb6 axb6 31. Bd3 {[%clk 0:01:34]} h6 {[%clk 0:00:28]} 32. h5
{[%clk 0:01:31]} Be8 {[%clk 0:00:23]} 33. g4 {[%clk 0:01:30]} Bd7
{[%clk 0:00:24]} 34. Bf5 {[%clk 0:01:24]} Bb5 {[%clk 0:00:25]} 35. Bh7
{[%clk 0:01:21]} Bd7 {[%clk 0:00:25]} 36. Bd3 {[%clk 0:01:15]} Ke7
{[%clk 0:00:19]} 37. Bf5 Bb5 38. Bc8 {[%clk 0:01:12]} Bd3 {[%clk 0:00:22]} 39.
Bf5 {[%clk 0:01:01]} Bb5 {[%clk 0:00:23]} 40. Ke3 {[%clk 0:00:52]} Kd6
{[%clk 0:00:23]} 41. Kd2 {[%clk 0:00:52]} Ke7 {[%clk 0:00:21]} 42. Kc3
{[%clk 0:00:51]} Kd6 {[%clk 0:00:21]} 43. Kb4 {[%clk 0:00:52]} Be2
{[%clk 0:00:22]} 44. Kc3 {[%clk 0:00:50]} Ke7 {[%clk 0:00:19]} 45. Kd2
{[%clk 0:00:47]} Bb5 {[%clk 0:00:20]} 46. Ke3 {[%clk 0:00:41]} Kd6
{[%clk 0:00:22]} 47. Bh7 {[%clk 0:00:40]} Bd7 {[%clk 0:00:20]} 48. Kf4
{[%clk 0:00:41]} Ke7 {[%clk 0:00:18]} 49. Bg8 {[%clk 0:00:36]} Kd6
{[%clk 0:00:16]} 50. Bf7 {[%clk 0:00:37]} Bc8 {[%clk 0:00:12]} 51. Be8
{[%clk 0:00:37]} Ke7 {[%clk 0:00:13]} 52. Bc6 {[%clk 0:00:30]} Kd6
{[%clk 0:00:15]} 53. Bb5 {[%clk 0:00:31]} Ke7 {[%clk 0:00:14]} 54. f3
{[%clk 0:00:25]} Kd6 {[%clk 0:00:15]} 55. Bd3 {[%clk 0:00:24]} Bd7
{[%clk 0:00:15]} 56. Bf5 Bb5 57. Bc2 {[%clk 0:00:21]} Bd7 {[%clk 0:00:17]} 58.
Kg3 {[%clk 0:00:22]} Ke7 {[%clk 0:00:16]} 59. Bd3 {[%clk 0:00:23]} Kd6
{[%clk 0:00:17]} 60. Kh4 {[%clk 0:00:24]} Ke7 {[%clk 0:00:17]} 61. Ba6
{[%clk 0:00:22]} Kd6 {[%clk 0:00:14]} 62. Be2 {[%clk 0:00:20]} Ke7
{[%clk 0:00:15]} 63. f4 {[%clk 0:00:20]} Kd6 {[%clk 0:00:15]} 64. Bf3
{[%clk 0:00:21]} Be6 {[%clk 0:00:10]} 65. g5 {[%clk 0:00:19]} Bf5
{[%clk 0:00:05]} 66. Be2 {[%clk 0:00:18]} Be4 {[%clk 0:00:06]} 67. Kg4
{[%clk 0:00:18]} Bc2 {[%clk 0:00:06]} 68. b4 {[%clk 0:00:19]} Ke6
{[%clk 0:00:07]} 69. gxh6 {[%clk 0:00:12]} gxh6 {[%clk 0:00:08]} 70. Kg3
{[%clk 0:00:10]} Be4 {[%clk 0:00:08]} 71. Bg4+ {[%clk 0:00:11]} Bf5
{[%clk 0:00:07]} 72. b5 {[%clk 0:00:05]} Bxg4 {[%clk 0:00:06]} 73. Kxg4
{[%clk 0:00:06]} f5+ {[%clk 0:00:06]} 74. Kg3 {[%clk 0:00:07]} Ke5 1/2-1/2

[Event "Blitz 2018"]
[Site "Saint-Petersburg"]
[Date "2018.12.30"]
[Round "21"]
[Board "18"]
[White "Adly Ahmed (EGY)"]
[Black "Kovalenko Igor (LAT)"]
[Result "1-0"]
[LiveChessVersion "1.4.8"]
[BlackElo "2693"]
[WhiteElo "2675"]

1. Nf3 {[%clk 0:03:02]} d5 {[%clk 0:03:03]} 2. g3 c6 3. Bg2 {[%clk 0:03:04]} Bg4
{[%clk 0:03:06]} 4. O-O {[%clk 0:03:04]} Nd7 {[%clk 0:03:07]} 5. d3
{[%clk 0:03:05]} e6 {[%clk 0:03:08]} 6. h3 {[%clk 0:03:05]} Bxf3 {[%clk 0:03:04]}
7. Bxf3 {[%clk 0:03:06]} h5 {[%clk 0:03:05]} 8. h4 {[%clk 0:03:02]} Bd6
{[%clk 0:02:59]} 9. e4 {[%clk 0:03:01]} Ne7 {[%clk 0:03:00]} 10. Bxh5
{[%clk 0:02:54]} Qc7 {[%clk 0:02:51]} 11. Kg2 {[%clk 0:02:44]} g6
{[%clk 0:02:46]} 12. Bf3 {[%clk 0:02:41]} O-O-O {[%clk 0:02:45]} 13. Qe2
{[%clk 0:02:33]} Kb8 {[%clk 0:02:35]} 14. Be3 {[%clk 0:02:13]} f5
{[%clk 0:02:26]} 15. Bg5 {[%clk 0:02:08]} e5 {[%clk 0:02:15]} 16. Nd2
{[%clk 0:01:44]} Rdf8 {[%clk 0:02:09]} 17. Bxe7 {[%clk 0:01:30]} Bxe7
{[%clk 0:02:09]} 18. exd5 {[%clk 0:01:28]} cxd5 {[%clk 0:02:06]} 19. Bxd5
{[%clk 0:01:31]} Qxc2 {[%clk 0:01:48]} 20. Rac1 {[%clk 0:01:29]} Qa4
{[%clk 0:01:49]} 21. Nc4 {[%clk 0:01:29]} Bf6 {[%clk 0:01:40]} 22. Kg1
{[%clk 0:01:19]} Nb6 {[%clk 0:01:33]} 23. Nxb6 {[%clk 0:01:12]} axb6
{[%clk 0:01:34]} 24. Rc4 {[%clk 0:01:11]} Qd7 {[%clk 0:01:35]} 25. Bg2
{[%clk 0:01:11]} Rd8 {[%clk 0:01:30]} 26. Qe3 {[%clk 0:00:59]} Qe6
{[%clk 0:01:26]} 27. Rfc1 {[%clk 0:00:58]} Rh7 {[%clk 0:01:26]} 28. Rc6
{[%clk 0:00:48]} bxc6 {[%clk 0:01:19]} 29. Rxc6 {[%clk 0:00:49]} Qxc6
{[%clk 0:01:20]} 30. Bxc6 {[%clk 0:00:50]} Rd4 {[%clk 0:01:16]} 31. Bg2
{[%clk 0:00:43]} Rhd7 {[%clk 0:01:11]} 32. Qf3 {[%clk 0:00:43]} R4d6
{[%clk 0:01:03]} 33. Qa8+ {[%clk 0:00:38]} Kc7 {[%clk 0:01:05]} 34. a4
{[%clk 0:00:37]} Bg7 {[%clk 0:00:49]} 35. b4 {[%clk 0:00:32]} e4 {[%clk 0:00:20]}
36. dxe4 {[%clk 0:00:31]} Rd1+ {[%clk 0:00:15]} 37. Kh2 {[%clk 0:00:32]} R1d2
{[%clk 0:00:16]} 38. Qa7+ {[%clk 0:00:20]} Kc8 {[%clk 0:00:17]} 39. Qxb6
{[%clk 0:00:20]} Bd4 {[%clk 0:00:18]} 40. Qc6+ {[%clk 0:00:18]} Kd8
{[%clk 0:00:19]} 41. Qxg6 {[%clk 0:00:16]} Rxf2 {[%clk 0:00:16]} 42. exf5
{[%clk 0:00:14]} Ba7 {[%clk 0:00:09]} 43. b5 {[%clk 0:00:10]} Rdd2
{[%clk 0:00:08]} 44. Qg8+ {[%clk 0:00:10]} Kc7 {[%clk 0:00:08]} 45. Qf7+
{[%clk 0:00:11]} Kd8 {[%clk 0:00:07]} 46. Qxa7 {[%clk 0:00:10]} Rxg2+
{[%clk 0:00:08]} 47. Kh3 {[%clk 0:00:11]} Ke8 {[%clk 0:00:06]} 48. Qa8+
{[%clk 0:00:12]} Kf7 {[%clk 0:00:07]} 49. Qxg2 {[%clk 0:00:12]} 1-0

[Event "Blitz 2018"]
[Site "Saint-Petersburg"]
[Date "2018.12.30"]
[Round "21"]
[Board "19"]
[White "Zhigalko Sergei (BLR)"]
[Black "Tsydypov Zhamsaran (RUS)"]
[Result "1-0"]
[LiveChessVersion "1.4.8"]
[BlackElo "2573"]
[WhiteElo "2693"]

1. e4 {[%clk 0:03:03]} c5 {[%clk 0:03:03]} 2. Nf3 {[%clk 0:03:04]} d6
{[%clk 0:03:03]} 3. d4 {[%clk 0:03:05]} cxd4 {[%clk 0:03:04]} 4. Qxd4
{[%clk 0:03:06]} Nc6 {[%clk 0:03:04]} 5. Bb5 {[%clk 0:03:07]} Bd7
{[%clk 0:03:04]} 6. Bxc6 {[%clk 0:03:08]} Bxc6 {[%clk 0:03:05]} 7. Nc3
{[%clk 0:03:08]} Nf6 {[%clk 0:03:02]} 8. Bg5 {[%clk 0:03:09]} e6 {[%clk 0:03:01]}
9. O-O-O {[%clk 0:03:09]} Be7 {[%clk 0:03:01]} 10. Rhe1 {[%clk 0:03:10]} O-O
{[%clk 0:02:57]} 11. Kb1 {[%clk 0:03:11]} Qa5 {[%clk 0:02:41]} 12. Qd2
{[%clk 0:03:12]} Qc7 {[%clk 0:02:24]} 13. Nd4 {[%clk 0:03:13]} a6
{[%clk 0:02:17]} 14. f3 {[%clk 0:03:13]} Rfd8 {[%clk 0:02:11]} 15. g4
{[%clk 0:03:14]} b5 {[%clk 0:02:10]} 16. Nce2 {[%clk 0:03:12]} Rac8
{[%clk 0:02:07]} 17. Ng3 {[%clk 0:03:13]} Bb7 {[%clk 0:01:45]} 18. h4
{[%clk 0:03:05]} b4 {[%clk 0:01:31]} 19. Nh5 {[%clk 0:02:52]} Ne8
{[%clk 0:00:43]} 20. Qxb4 {[%clk 0:02:05]} Ba8 {[%clk 0:00:41]} 21. Qd2
{[%clk 0:01:48]} g6 {[%clk 0:00:28]} 22. Ng3 {[%clk 0:01:30]} e5 {[%clk 0:00:30]}
23. Nb3 {[%clk 0:00:56]} d5 {[%clk 0:00:27]} 24. exd5 {[%clk 0:00:51]} Rxd5
{[%clk 0:00:24]} 25. Qf2 {[%clk 0:00:49]} Rxd1+ {[%clk 0:00:17]} 26. Rxd1
{[%clk 0:00:50]} a5 {[%clk 0:00:17]} 27. Bxe7 {[%clk 0:00:32]} Qxe7
{[%clk 0:00:18]} 28. Nxa5 {[%clk 0:00:27]} Qxh4 {[%clk 0:00:19]} 29. Nb3
{[%clk 0:00:23]} Qf6 {[%clk 0:00:19]} 30. Rf1 {[%clk 0:00:17]} Bd5
{[%clk 0:00:19]} 31. Ne4 {[%clk 0:00:16]} Qa6 {[%clk 0:00:19]} 32. Rd1
{[%clk 0:00:16]} Bc4 {[%clk 0:00:18]} 33. Re1 {[%clk 0:00:08]} Ra8
{[%clk 0:00:12]} 34. Nc3 {[%clk 0:00:07]} Qd6 {[%clk 0:00:11]} 35. Qe3
{[%clk 0:00:05]} f6 {[%clk 0:00:12]} 36. Rd1 {[%clk 0:00:06]} Qe6
{[%clk 0:00:10]} 37. Nc5 {[%clk 0:00:06]} Bxa2+ {[%clk 0:00:11]} 38. Kc1
{[%clk 0:00:07]} Qb6 {[%clk 0:00:10]} 39. Qf2 {[%clk 0:00:03]} Bf7
{[%clk 0:00:10]} 40. Nd3 {[%clk 0:00:04]} Qc6 {[%clk 0:00:10]} 41. Kd2
{[%clk 0:00:05]} Nd6 {[%clk 0:00:12]} 42. Ke1 Nc4 43. Ne4 {[%clk 0:00:05]} Be8
{[%clk 0:00:12]} 44. b3 {[%clk 0:00:05]} Na3 {[%clk 0:00:13]} 45. Rd2
{[%clk 0:00:06]} Bf7 {[%clk 0:00:13]} 46. Qc5 {[%clk 0:00:06]} Qa6
{[%clk 0:00:12]} 47. Nb4 {[%clk 0:00:06]} Qb7 {[%clk 0:00:11]} 48. Nxf6+
{[%clk 0:00:06]} Kg7 {[%clk 0:00:11]} 49. Qxe5 {[%clk 0:00:06]} Qxf3
{[%clk 0:00:05]} 50. Rf2 {[%clk 0:00:04]} Qh1+ {[%clk 0:00:05]} 51. Rf1 Qh4+ 52.
Kd2 {[%clk 0:00:03]} Rd8+ {[%clk 0:00:07]} 53. Nfd5+ {[%clk 0:00:05]} Kg8
{[%clk 0:00:08]} 54. c4 {[%clk 0:00:05]} Qxg4 {[%clk 0:00:08]} 55. Ke3
{[%clk 0:00:05]} Qh3+ {[%clk 0:00:07]} 56. Rf3 {[%clk 0:00:06]} Qe6
{[%clk 0:00:08]} 57. Ne7+ {[%clk 0:00:04]} 1-0

[Event "Blitz 2018"]
[Site "Saint-Petersburg"]
[Date "2018.12.30"]
[Round "21"]
[Board "20"]
[White "Van Foreest Jorden (NED)"]
[Black "Melkumyan Hrant (ARM)"]
[Result "0-1"]
[LiveChessVersion "1.4.8"]
[BlackElo "2699"]
[WhiteElo "2657"]

1. d4 {[%clk 0:03:02]} Nf6 {[%clk 0:03:02]} 2. Bf4 {[%clk 0:03:02]} d5
{[%clk 0:02:59]} 3. e3 {[%clk 0:03:03]} c5 {[%clk 0:03:00]} 4. Nf3
{[%clk 0:03:04]} e6 {[%clk 0:03:00]} 5. Nbd2 {[%clk 0:03:01]} Nc6
{[%clk 0:03:01]} 6. c3 {[%clk 0:03:02]} Be7 {[%clk 0:03:02]} 7. h3
{[%clk 0:02:51]} Bd6 {[%clk 0:03:03]} 8. Bxd6 {[%clk 0:02:50]} Qxd6
{[%clk 0:03:04]} 9. Bb5 {[%clk 0:02:45]} O-O {[%clk 0:02:59]} 10. O-O
{[%clk 0:02:45]} Bd7 {[%clk 0:02:56]} 11. Qe2 {[%clk 0:02:35]} a6
{[%clk 0:02:54]} 12. Bd3 {[%clk 0:02:35]} Rfe8 {[%clk 0:02:49]} 13. Rfe1
{[%clk 0:02:34]} e5 {[%clk 0:02:48]} 14. dxc5 {[%clk 0:02:34]} Qxc5
{[%clk 0:02:49]} 15. e4 {[%clk 0:02:34]} g6 {[%clk 0:02:40]} 16. Rad1
{[%clk 0:02:35]} Kg7 {[%clk 0:02:36]} 17. exd5 {[%clk 0:02:32]} Nxd5
{[%clk 0:02:35]} 18. Ne4 {[%clk 0:02:30]} Qe7 {[%clk 0:02:33]} 19. Bc4
{[%clk 0:02:20]} Nf4 {[%clk 0:02:29]} 20. Qe3 {[%clk 0:02:21]} Be6
{[%clk 0:01:54]} 21. Nd6 {[%clk 0:02:17]} Bxc4 {[%clk 0:01:44]} 22. Nxc4
{[%clk 0:02:17]} f6 {[%clk 0:01:33]} 23. g3 {[%clk 0:01:45]} Ne6 {[%clk 0:01:30]}
24. Nfd2 {[%clk 0:01:36]} Qc5 {[%clk 0:01:23]} 25. Qxc5 {[%clk 0:01:33]} Nxc5
{[%clk 0:01:24]} 26. Nb3 {[%clk 0:01:34]} Nxb3 {[%clk 0:01:19]} 27. axb3
{[%clk 0:01:34]} Rad8 {[%clk 0:01:12]} 28. b4 {[%clk 0:01:35]} Kf8
{[%clk 0:01:05]} 29. Nd6 {[%clk 0:01:32]} Re7 {[%clk 0:01:04]} 30. Ne4
{[%clk 0:01:33]} f5 {[%clk 0:00:51]} 31. Rxd8+ {[%clk 0:01:33]} Nxd8
{[%clk 0:00:53]} 32. Rd1 {[%clk 0:01:35]} Nf7 {[%clk 0:00:46]} 33. Nc5
{[%clk 0:01:32]} e4 {[%clk 0:00:44]} 34. Rd5 {[%clk 0:01:31]} Ke8
{[%clk 0:00:38]} 35. g4 {[%clk 0:01:31]} fxg4 {[%clk 0:00:37]} 36. hxg4
{[%clk 0:01:31]} Ne5 {[%clk 0:00:37]} 37. Nxb7 {[%clk 0:01:31]} Nf3+
{[%clk 0:00:37]} 38. Kg2 {[%clk 0:01:29]} Rxb7 {[%clk 0:00:39]} 39. Rd6
{[%clk 0:01:30]} Ne1+ {[%clk 0:00:29]} 40. Kg3 {[%clk 0:01:31]} Nd3
{[%clk 0:00:30]} 41. Rxa6 {[%clk 0:01:30]} Nxb2 {[%clk 0:00:31]} 42. Re6+
{[%clk 0:01:09]} Kf7 {[%clk 0:00:32]} 43. Rxe4 {[%clk 0:01:10]} Rc7
{[%clk 0:00:34]} 44. Re3 {[%clk 0:00:48]} Nd1 {[%clk 0:00:35]} 45. Rf3+
{[%clk 0:00:49]} Ke6 {[%clk 0:00:36]} 46. b5 {[%clk 0:00:50]} Nb2
{[%clk 0:00:15]} 47. g5 {[%clk 0:00:42]} Nc4 {[%clk 0:00:16]} 48. Rf6+
{[%clk 0:00:43]} Kd5 {[%clk 0:00:16]} 49. f4 {[%clk 0:00:36]} Nd6
{[%clk 0:00:17]} 50. Kg4 {[%clk 0:00:30]} Rxc3 {[%clk 0:00:17]} 51. f5
{[%clk 0:00:27]} Rc4+ {[%clk 0:00:16]} 52. Kf3 {[%clk 0:00:28]} Nxf5
{[%clk 0:00:16]} 53. Rf7 {[%clk 0:00:29]} Rb4 {[%clk 0:00:10]} 54. Rxh7
{[%clk 0:00:30]} Rxb5 {[%clk 0:00:11]} 55. Rf7 {[%clk 0:00:30]} Rb6
{[%clk 0:00:09]} 56. Kf4 {[%clk 0:00:29]} Rb4+ {[%clk 0:00:11]} 57. Kf3
{[%clk 0:00:31]} Ke5 {[%clk 0:00:10]} 58. Rf6 {[%clk 0:00:32]} Rf4+
{[%clk 0:00:09]} 59. Kg2 {[%clk 0:00:27]} Ne3+ {[%clk 0:00:10]} 0-1

[Event "Blitz 2018"]
[Site "Saint-Petersburg"]
[Date "2018.12.30"]
[Round "21"]
[Board "21"]
[White "Yu Yangyi (CHN)"]
[Black "Alekseenko Kirill (RUS)"]
[Result "1-0"]
[LiveChessVersion "1.4.8"]
[BlackElo "2665"]
[WhiteElo "2804"]

1. d4 {[%clk 0:03:02]} d5 {[%clk 0:03:03]} 2. c4 {[%clk 0:03:03]} dxc4
{[%clk 0:03:04]} 3. Nf3 {[%clk 0:03:03]} a6 {[%clk 0:03:06]} 4. e3
{[%clk 0:03:02]} Bg4 {[%clk 0:03:06]} 5. Bxc4 {[%clk 0:03:01]} e6
{[%clk 0:03:08]} 6. O-O {[%clk 0:03:02]} Nf6 {[%clk 0:03:09]} 7. h3
{[%clk 0:03:00]} Bh5 {[%clk 0:03:10]} 8. Nc3 {[%clk 0:03:00]} Nc6
{[%clk 0:03:11]} 9. Be2 {[%clk 0:02:51]} Bd6 {[%clk 0:03:12]} 10. Nd2
{[%clk 0:02:52]} Bxe2 {[%clk 0:03:04]} 11. Qxe2 {[%clk 0:02:53]} O-O
{[%clk 0:03:03]} 12. Nf3 {[%clk 0:02:41]} e5 {[%clk 0:03:02]} 13. d5
{[%clk 0:02:42]} Ne7 {[%clk 0:03:03]} 14. e4 {[%clk 0:02:42]} Ng6
{[%clk 0:03:03]} 15. Be3 {[%clk 0:02:31]} Nd7 {[%clk 0:02:58]} 16. Nd2
{[%clk 0:02:29]} Qe7 {[%clk 0:02:41]} 17. a3 {[%clk 0:02:30]} f5 {[%clk 0:02:40]}
18. exf5 {[%clk 0:02:28]} Rxf5 {[%clk 0:02:42]} 19. Nde4 {[%clk 0:02:29]} Raf8
{[%clk 0:02:05]} 20. Rad1 {[%clk 0:02:28]} Nh4 {[%clk 0:01:59]} 21. Qg4
{[%clk 0:02:15]} h5 {[%clk 0:01:57]} 22. Qg3 {[%clk 0:02:17]} Qd8
{[%clk 0:01:27]} 23. Ng5 {[%clk 0:01:58]} Ng6 {[%clk 0:01:09]} 24. Ne6
{[%clk 0:01:59]} Qe8 {[%clk 0:01:05]} 25. Nxf8 {[%clk 0:01:58]} Ndxf8
{[%clk 0:01:01]} 26. Ne4 {[%clk 0:01:57]} Nd7 {[%clk 0:01:00]} 27. Bg5
{[%clk 0:01:50]} Ndf8 {[%clk 0:00:58]} 28. Rfe1 {[%clk 0:01:45]} Qf7
{[%clk 0:00:59]} 29. h4 {[%clk 0:01:43]} Nh7 {[%clk 0:00:57]} 30. Re3
{[%clk 0:01:26]} Nf4 {[%clk 0:00:58]} 31. Rd2 {[%clk 0:01:04]} Nxg5
{[%clk 0:00:55]} 32. Nxg5 {[%clk 0:01:03]} Qf6 {[%clk 0:00:55]} 33. Ne4
{[%clk 0:01:00]} Qf7 {[%clk 0:00:55]} 34. Rf3 {[%clk 0:00:57]} Qe7
{[%clk 0:00:50]} 35. Kh1 {[%clk 0:00:47]} Rf8 {[%clk 0:00:50]} 36. Qg5
{[%clk 0:00:45]} Qd7 {[%clk 0:00:49]} 37. Rg3 {[%clk 0:00:36]} Kh7
{[%clk 0:00:40]} 38. Rf3 {[%clk 0:00:35]} Rf5 {[%clk 0:00:41]} 39. Qg3
{[%clk 0:00:35]} Qb5 {[%clk 0:00:41]} 40. Kg1 {[%clk 0:00:33]} Qc4
{[%clk 0:00:41]} 41. Rxf4 {[%clk 0:00:23]} Rxf4 {[%clk 0:00:34]} 42. Ng5+ Kg8 43.
Qh3 {[%clk 0:00:10]} Qc1+ 44. Kh2 Rg4 {[%clk 0:00:29]} 45. Re2 {[%clk 0:00:06]}
e4+ {[%clk 0:00:27]} 46. g3 {[%clk 0:00:08]} Qc4 {[%clk 0:00:16]} 47. Qf1
{[%clk 0:00:03]} Rxh4+ 48. Kg2 Rg4 {[%clk 0:00:17]} 49. Nh3 {[%clk 0:00:05]} Qxd5
{[%clk 0:00:17]} 50. Re3 {[%clk 0:00:06]} h4 51. Qe2 Rg6 {[%clk 0:00:16]} 52.
Rxe4 {[%clk 0:00:06]} hxg3 {[%clk 0:00:17]} 53. f3 {[%clk 0:00:08]} Kf7
{[%clk 0:00:13]} 54. Qe3 {[%clk 0:00:04]} Kf8 {[%clk 0:00:08]} 55. Nf4
{[%clk 0:00:05]} Bxf4 {[%clk 0:00:08]} 56. Qxf4+ {[%clk 0:00:07]} Rf6
{[%clk 0:00:08]} 57. Qe3 Kg8 {[%clk 0:00:07]} 58. Re5 {[%clk 0:00:05]} Qd7
{[%clk 0:00:07]} 59. Re8+ {[%clk 0:00:06]} Kf7 {[%clk 0:00:08]} 60. Re4
{[%clk 0:00:06]} Qd6 {[%clk 0:00:07]} 61. Qb3+ {[%clk 0:00:07]} Kg6
{[%clk 0:00:08]} 62. Re2 {[%clk 0:00:08]} b5 {[%clk 0:00:08]} 63. Qc2+
{[%clk 0:00:09]} Kf7 {[%clk 0:00:06]} 64. Qh7 {[%clk 0:00:10]} Qd5
{[%clk 0:00:05]} 65. Re4 {[%clk 0:00:05]} Qd2+ {[%clk 0:00:06]} 66. Kxg3
{[%clk 0:00:06]} Qg5+ {[%clk 0:00:07]} 67. Rg4 {[%clk 0:00:06]} Qe5+
{[%clk 0:00:08]} 68. f4 {[%clk 0:00:05]} Qe3+ {[%clk 0:00:09]} 69. Kg2
{[%clk 0:00:06]} Qe2+ {[%clk 0:00:10]} 70. Kg3 {[%clk 0:00:07]} Qe1+
{[%clk 0:00:07]} 71. Kg2 {[%clk 0:00:09]} Qd2+ {[%clk 0:00:09]} 72. Kg3
{[%clk 0:00:09]} Qe3+ 73. Kg2 Qe2+ {[%clk 0:00:06]} 74. Kg3 {[%clk 0:00:12]} Qe1+
{[%clk 0:00:05]} 75. Kg2 {[%clk 0:00:14]} Qe2+ {[%clk 0:00:06]} 76. Kg3
{[%clk 0:00:15]} Qe3+ {[%clk 0:00:07]} 77. Kg2 {[%clk 0:00:17]} Qd2+
{[%clk 0:00:09]} 78. Kg3 {[%clk 0:00:18]} Qe3+ {[%clk 0:00:06]} 79. Kg2
{[%clk 0:00:19]} Ke6 {[%clk 0:00:05]} 80. Qg8+ {[%clk 0:00:16]} Kd6
{[%clk 0:00:06]} 81. Qxg7 {[%clk 0:00:15]} Re6 {[%clk 0:00:07]} 82. Qf8+
{[%clk 0:00:13]} Kc6 {[%clk 0:00:08]} 83. Qa8+ {[%clk 0:00:13]} Kb6
{[%clk 0:00:09]} 84. Qb8+ {[%clk 0:00:14]} Kc6 {[%clk 0:00:10]} 85. Qa8+
{[%clk 0:00:15]} Kb6 {[%clk 0:00:07]} 86. Qb8+ {[%clk 0:00:17]} Kc6
{[%clk 0:00:08]} 87. Qa8+ {[%clk 0:00:18]} Kb6 {[%clk 0:00:05]} 88. Qb8+
{[%clk 0:00:19]} Kc6 {[%clk 0:00:07]} 89. Qa8+ {[%clk 0:00:21]} Kd6
{[%clk 0:00:06]} 90. Qd8+ Kc6 91. Qa8+ {[%clk 0:00:20]} Kb6 {[%clk 0:00:05]} 92.
Qb8+ {[%clk 0:00:21]} Kc6 {[%clk 0:00:06]} 93. Qa8+ {[%clk 0:00:23]} Kd6
{[%clk 0:00:05]} 94. Qd8+ {[%clk 0:00:22]} Kc6 {[%clk 0:00:06]} 95. Qa8+
{[%clk 0:00:24]} Kc5 {[%clk 0:00:07]} 96. Rg5+ {[%clk 0:00:18]} Kc4
{[%clk 0:00:09]} 97. Qd5# {[%clk 0:00:17]} Kxd5 1-0